Statistics for UEFA Champions League/European Cup winning captains

Click here to take the quiz!

General Stats

  • This quiz has been taken 2,690 times
    (1,786 since last reset)
  • The average score is 22 of 64

Answer Stats

Year:Winner:Captain:% Correct
2018Real MadridSergio Ramos
93%
2017Real MadridSergio Ramos
93%
2016Real MadridSergio Ramos
93%
2019LiverpoolJordan Henderson
88%
2015BarcelonaXavi
87%
2011BarcelonaXavi
87%
2009BarcelonaCarles Puyol
83%
2006BarcelonaCarles Puyol
83%
2005LiverpoolSteven Gerrard
83%
1963MilanCesare Maldini
82%
2012ChelseaFrank Lampard
82%
2003MilanPaolo Maldini
82%
2007MilanPaolo Maldini
82%
2014Real MadridIker Casillas
79%
2013Bayern MunichPhilipp Lahm
78%
2008Manchester UnitedRio Ferdinand
69%
2010InternazionaleJavier Zanetti
63%
2002Real MadridFernando Hierro
50%
1973AjaxJohan Cruyff
48%
1974Bayern MunichFranz Beckenbauer
40%
1975Bayern MunichFranz Beckenbauer
40%
1976Bayern MunichFranz Beckenbauer
40%
1990MilanFranco Baresi
38%
1989MilanFranco Baresi
38%
1999Manchester UnitedPeter Schmeichel
37%
1968Manchester UnitedBobby Charlton
33%
1966Real MadridFrancisco Gento
27%
1997Borussia DortmundMatthias Sammer
27%
1993MarseilleDidier Deschamps
24%
2001Bayern MunichStefan Effenberg
24%
1984LiverpoolGraeme Souness
22%
2004PortoJorge Costa
21%
1995AjaxDanny Blind
17%
1978LiverpoolEmlyn Hughes
15%
1977LiverpoolEmlyn Hughes
15%
2000Real MadridFernando Redondo
13%
1996JuventusGianluca Vialli
13%
1998Real MadridManuel Sanchís
13%
1981LiverpoolPhil Thompson
13%
1969MilanGianni Rivera
12%
1958Real MadridJuan Alonso
10%
1992BarcelonaAndoni Zubizarreta
9%
1985JuventusGaetano Scirea
9%
1967CelticBilly McNeill
8%
1980Nottingham ForestJohn McGovern
8%
1979Nottingham ForestJohn McGovern
8%
1994MilanMauro Tassotti
8%
1956Real MadridMiguel Muñoz
8%
1957Real MadridMiguel Muñoz
8%
1982Aston VillaDennis Mortimer
6%
1962BenficaJosé Águas
6%
1961BenficaJosé Águas
6%
1983HamburgHorst Hrubesch
5%
1987PortoJoão Pinto
5%
1970FeyenoordRinus Israël
5%
1971AjaxVelibor Vasović
5%
1965InternazionaleArmando Picchi
4%
1964InternazionaleArmando Picchi
4%
1988PSV EindhovenEric Gerets
4%
1960Real MadridJosé María Zárraga
4%
1959Real MadridJosé María Zárraga
4%
1972AjaxPiet Keizer
4%
1991Red Star BelgradeStevan Stojanović
4%
1986Steaua BucureştiŞtefan Iovan
3%

Score Distribution

Percentile by Number Answered

Percent of People with Each Score

Your Score History

You have not taken this quiz since the last reset